000 01442cam a2200361 i 4500
001 68256
003 Mx-PuUPA
005 20260525135549.0
008 190703s2018 uk a|||fr|||| 001 0 eng d
020 _a9781787288867
040 _aMx-PuUPA
_bspa
_cMx-PuUPA
_dMx-PuUPA
_erda
041 0 _aeng
100 1 _aPloetz, Aaron,
_eautor
_99549
245 1 0 _aSeven NoSQL databases in a week :
_bget up and running with the fundamentals and functionalities of seven of the most popular NoSQL databases /
_cAaron Ploetz, Devram Kandhare, Sudarshan Kadambi, Xun (Brian) Wu
250 _aFirst published
264 1 _aBirmingham :
_bPackt Publishing,
_c©2018
300 _avii, 291 páginas :
_bilustraciones ;
_c24 cm
336 _atexto
_2rdacontent
_btxt
337 _asin medio
_2rdamedia
_bn
338 _avolumen
_2rdacarrier
_bnc
650 4 _aBases de datos
_xDiseño
_xProgramas para computador
650 4 _aComputadoras
_xProcesamiento de datos
700 1 _aKandhare, Devram,
_eautor
700 1 _aKadambi, Sudarshan,
_eautor
700 1 _aWu, Xun (Brian),
_eautor
942 _2ddc
_cLI
_h005.743
_iP725
999 _c68256
_d68256